Kuuluisat suomalaiset - kuvavisa #3 - Statistics

Yleistilastot
  • Tätä visaa on pelattu 521 kertaa
  • Keskiarvotulos 6 / 12
Vastaustilastot
Kuvavisa Vastaus % Oikein
Carl Gustaf Emil Mannerheim
96%
Paavo Nurmi
86%
Pertti "Spede" Pasanen
86%
Minna Canth
78%
Tauno Palo
62%
Siiri Rantanen
59%
Armi Kuusela
44%
Ansa Ikonen
40%
Johan Ludvig Runeberg
39%
Miina Sillanpää
28%
Eugen Schauman
11%
Maria Jotuni
6%
Ehtoja vastaavia visoja ei löytynyt
Tulosjakauma
Jokaisen tuloksen saaneiden osuus
Persentiili vastausten määrän mukaan
Tuloshistoriasi
Et ole pelannut tätä visaa